[Event "Luxembourg-ch"]
[Site "Luxembourg"]
[Date "1999.04.10"]
[Round "8"]
[White "Heyar, Fred"]
[Black "Steinmetzer, Jacques"]
[Result "1-0"]
[WhiteElo "1617"]
[BlackElo "1595"]
[PlyCount "127"]
[EventDate "1999.04.03"]
[EventType "swiss"]
[EventRounds "9"]
[EventCountry "LUX"]
[SourceTitle "EXT 2005"]
[Source "ChessBase"]
[SourceDate "2004.11.15"]
[SourceVersion "1"]
[SourceVersionDate "2004.11.15"]
[SourceQuality "1"]

1. c4 e5 2. e4 Nf6 3. Nc3 Nc6 4. Nf3 Bb4 5. d3 0-0 6. Bd2 d6 7. g3 Bg4 8. Bg2 Nd4 9. a3 Ba5 10. b4 Bb6 11. 0-0 c6 12. Be3 Rc8 13. Bxd4 Bxd4 14. Qb3 Bxf3 15. Bxf3 c5 16. Rac1 cxb4 17. axb4 a6 18. Ne2 Ba7 19. Rfd1 Qb6 20. Rf1 Rfd8 21. Nc3 Qd4 22. Nd1 b5 23. Ne3 Rc7 24. Nf5 Qb6 25. Ne3 Rdc8 26. Qa2 bxc4 27. Nxc4 Qxb4 28. Qxa6 Bc5 29. Qa2 g6 30. Rc2 Ra7 31. Qb1 Qxb1 32. Rxb1 Rca8 33. Nxe5 dxe5 34. Rxc5 Ra3 35. Rd1 Rd8 36. Be2 Nxe4 37. dxe4 Rxd1+ 38. Bxd1 Ra1 39. Rd5 f5 40. exf5 gxf5 41. Kg2 Kg7 42. Bc2 f4 43. Rxe5 fxg3 44. hxg3 Ra7 45. Bb3 h6 46. Rb5 Kf6 47. f4 Rd7 48. Bc4 Rd2+ 49. Kf3 Rc2 50. Rb6+ Kg7 51. Rc6 Rc3+ 52. Kg2 Rc2+ 53. Kh3 Rc1 54. f5 h5 55. Rg6+ Kf8 56. Bd5 Rd1 57. Be4 Re1 58. Re6 Rf1 59. Kh4 Rg1 60. Bf3 Kg7 61. Bxh5 Rh1+ 62. Kg5 Kf8 63. Re8+ Kg7 64. f6+ 1-0

[Event "Luxembourg op"]
[Site "Luxembourg"]
[Date "1996.??.??"]
[Round "5"]
[White "Heyar, Fred"]
[Black "Weber, Leo"]
[Result "0-1"]
[WhiteElo "1625"]
[BlackElo "2205"]
[PlyCount "70"]
[EventDate "1996.??.??"]
[EventType "swiss"]
[EventRounds "9"]
[EventCountry "LUX"]
[SourceTitle "EXT 2005"]
[Source "ChessBase"]
[SourceDate "2004.11.15"]
[SourceVersion "1"]
[SourceVersionDate "2004.11.15"]
[SourceQuality "1"]

1. b4 e6 2. b5 Nf6 3. e3 d5 4. Nf3 c6 5. d4 Be7 6. Nc3 0-0 7. Bd3 Bd7 8. a4 c5 9. Ba3 c4 10. Be2 Bxa3 11. Rxa3 Qe7 12. Qa1 a6 13. Ne5 axb5 14. Nxd7 Nbxd7 15. Nxb5 Ra5 16. c3 Nb6 17. Bd1 Rfa8 18. 0-0 Rxb5 19. a5 Nc8 20. a6 bxa6 21. Rxa6 Rxa6 22. Qxa6 Rb8 23. Bc2 Qb7 24. Qa5 Nd6 25. g3 Ra8 26. Qc5 Nde4 27. Qb4 Qxb4 28. cxb4 Rb8 29. Rb1 g6 30. Ba4 Nc3 31. Ra1 Rxb4 32. Bc2 Rb2 33. Bd1 Nxd1 34. Rxd1 c3 35. Kf1 c2 0-1